Blueprint for health,

Saved in:
Bibliographic Details
Main Author: Murray, D. Stark (David Stark), 1900-
Format: Book
Language:English
Published: London, Allen/and Unwin, 1973.
Subjects:
LEADER 00986nam a2200289 4500
001 c000318956
003 CARM
005 00000000000000.0
008 731017s1973 enka b 00110 eng
015 |a GB73-11005 
019 1 |a 415538  |z 54047176  |z 57417174  |5 LACONCORD2021 
020 |a 0046160124 
035 |a (OCoLC)738204  |5 LACONCORD2021 
043 |a e-uk--- 
050 1 |a RA411  |b .M87 
100 1 |a Murray, D. Stark  |q (David Stark),  |d 1900- 
245 1 0 |a Blueprint for health,  |c by D. Stark Murray. 
260 |a London,  |b Allen/and Unwin,  |c 1973. 
300 |a 3-222 p.  |b illus.  |c 23 cm. 
500 |a Includes index. 
504 |a Bibliography: p. 216. 
650 0 |a Medical care. 
650 0 |a Medical care  |z Great Britain. 
852 8 |b CARM  |h A1:AM25C0  |i B09606  |p 0435049  |f BK 
082 0 4 |a 362.1 
999 f f |i bdb13f6e-cd8f-5438-91e4-0f6f7698f68f  |s 69dcea5f-814d-5f81-8ddd-469ba03586f8 
952 f f |p Can circulate  |a CAVAL  |b CAVAL  |c CAVAL  |d CARM 1 Store  |e B09606  |f A1:AM25C0  |h Other scheme  |i book  |m 0435049